| 000 | 00708nam a2200229Ia 4500 | ||
|---|---|---|---|
| 001 | 897 | ||
| 003 | GE_BSU | ||
| 008 | 181216s||||||||xx |||||||||||||| ||und|| | ||
| 020 | _a9994038001 | ||
| 040 | _cGE_BSU | ||
| 080 | _a821.161.109+821.353.1.09 | ||
| 245 | _aГрузинская русистика (Литературоведение, лингвистика,культурология) | ||
| 245 | _cРед. Д.Тухарели | ||
| 260 | _aТбилиси | ||
| 260 | _bТбилисского ун-та | ||
| 260 | _c2005 | ||
| 300 | _a580 с. | ||
| 541 | _h20 л. | ||
| 653 | _aЛингвистика, Культурология | ||
| 653 | _aЛитературоведение, | ||
| 942 | _cBK | ||
| 999 |
_c35057 _d35057 |
||